Finances and Developpement, juin 2014.

Qu'est-ce que l'Asie d'un point de vue economique ? A premiere vue, la reponse est simple : l'Asie est la locomotive de l'economie mondiale, avec des taux de croissance remarquables depuis plusieurs decennies. Mais si on y regarde de plus pres, la diversite saute aux yeux. A...

Täydet tiedot

Bibliografiset tiedot
Yhteisötekijä: International Monetary Fund. External Relations Dept
Aineistotyyppi: Aikakauslehti
Kieli:English
Julkaistu: Washington, D.C. : International Monetary Fund, 2014.
Sarja:Finance and Development; Finance and Development ; No. 0051/002
Linkit:Full text available on IMF
LEADER 03152cas a2200241 a 4500
001 AALejournalIMF022009
008 230101c9999 xx r poo 0 0eng d
020 |z 9781475566932 
022 |a 0430-473X 
040 |a BD-DhAAL  |c BD-DhAAL 
110 2 |a International Monetary Fund.  |b External Relations Dept. 
240 1 0 |a Finances and Developpement, juin 2014.  |l French 
245 1 0 |a Finances and Developpement, juin 2014. 
264 1 |a Washington, D.C. :  |b International Monetary Fund,  |c 2014. 
300 |a 1 online resource (60 pages) 
490 1 |a Finance and Development 
500 |a <strong>Off-Campus Access:</strong> No User ID or Password Required 
500 |a <strong>On-Campus Access:</strong> No User ID or Password Required 
506 |a Electronic access restricted to authorized BRAC University faculty, staff and students 
520 3 |a Qu'est-ce que l'Asie d'un point de vue economique ? A premiere vue, la reponse est simple : l'Asie est la locomotive de l'economie mondiale, avec des taux de croissance remarquables depuis plusieurs decennies. Mais si on y regarde de plus pres, la diversite saute aux yeux. Au-dela des gros titres, le paysage est complexe et tres contraste. Dans ce numero de F and D, nous l'examinons sous differents angles, en essayant de donner un eclairage sur le present, et l'avenir, economique de la region. Selon Changyong Rhee dans -- L'Asie et son potentiel --, la region devra surmonter cinq grands defis pour poursuivre son parcours economique spectaculaire. Dans -- Mutation a la chinoise --, David Dollar examine le reequilibrage de l'economie chinoise, au profit de la consommation et non plus de l'investissement, et ses consequences pour les economies en developpement de la region. Shika Jha et Juzhong Zhuang nous expliquent l'importance d'institutions fortes et de la bonne gouvernance pour l'avenir de l'Asie dans -- La gouvernance dans tous ses etats -- . Dans -- Le style asiatique --, Alan Wheatley se penche sur le role grandissant des produits culturels dans l'economie de la region, sur fond d'augmentation du revenu disponible. Le Gouverneur de la Banque centrale de Malaisie, Zeti Akhtar Aziz, nous fait part de son point de vue sur la resilience de l'Asie et ce que la region peut faire pour s'adapter aux transitions financieres et economiques en cours dans le reste du monde. Tout cela est complete par des articles sur l'Australie, le kimchi (specialite coreenne) ainsi que le rayonnement mondial et l'avenir de la finance asiatique. Par ailleurs, nous pesons le pour et le contre de l'arrimage du taux de change, explorons la relation entre economie et vertu, et examinons comment la dette d'un pays pourrait menacer sa croissance a moyen terme. Enfin, la rubrique --Paroles d'economistes-- brosse le portrait de Christopher Pissarides, dont les travaux innovants sur le chomage et les marches du travail lui ont valu le Prix Nobel en 2010. 
538 |a Mode of access: Internet 
830 0 |a Finance and Development; Finance and Development ;  |v No. 0051/002 
856 4 0 |z Full text available on IMF  |u http://elibrary.imf.org/view/journals/022/0051/002/022.0051.issue-002-fr.xml  |z IMF e-Library